Oxford Wordpower Dictionary for Learners of English

সংরক্ষণ করুন:
গ্রন্থ-পঞ্জীর বিবরন
প্রধান লেখক: Miranda Steel
বিন্যাস: অজ্ঞাত
ভাষা:English
প্রকাশিত: 2000
বিষয়গুলি:
ট্যাগগুলো: ট্যাগ যুক্ত করুন
কোনো ট্যাগ নেই, প্রথমজন হিসাবে ট্যাগ করুন!
Thư viện lưu trữ: Mạng thư viện Đại học Đà Nẵng
LEADER 01002ca a2200289 4500
001 000032242
003 8321
005 20151022000000.0
008 151002s2000 vm 000 eng
041 |a eng 
082 |a 423  |b ST-M 
100 |a Miranda Steel 
245 |a Oxford Wordpower Dictionary for Learners of English  |c Miranda Steel 
260 |c 2000 
650 |a Oxford Wordpower Dictionary for Learners of EnglishOxford Wordpower Dictionary for Learners of English, Miranda Steel 
852 |b Đọc  |c TỪ ĐIỂN 
OWN |a LNN 
AVA |a UDN50  |b LNN  |d 423 ST-M  |e available  |t Error 5001 Not defined in file expand_doc_bib_avail.  |f 1  |g 0  |h N  |i 0  |k 1 
999 |a From the UDN01 
AVA |a UDN50  |b LNN  |d 423 ST-M  |e available  |t Error 5001 Not defined in file expand_doc_bib_avail.  |f 1  |g 0  |h N  |i 0  |k 1 
980 |a Mạng thư viện Đại học Đà Nẵng